Carl and another v Grosvenor Estate Belgravia (Record no. 64866)

MARC details
000 -LEADER
fixed length control field 01093cam a2200229 4500
001 - CONTROL NUMBER
control field ABS62898
008 - FIXED-LENGTH DATA ELEMENTS--GENERAL INFORMATION
fixed length control field 000000n2000 000 0 eng u
035 ## - SYSTEM CONTROL NUMBER
System control number (Sirsi) u108652
245 ## - TITLE STATEMENT
Title Carl and another v Grosvenor Estate Belgravia
260 ## - PUBLICATION, DISTRIBUTION, ETC.
Date of publication, distribution, etc. 2000
490 ## - SERIES STATEMENT
Series statement Estates Gazette
Volume/sequential designation [2000] 38 EG 195-201(7)
520 ## - SUMMARY, ETC.
Summary, etc. LT 22 June 2000. Appellant lessees, C, claimed a right to buy the freehold of a property in Chester Square, London, under the Leasehold Reform Act 1967, together with the garage to the rear. LVT determined the purchase price at £767,200. C appealed. C's valuer questioned LVT's reasoning and suggested not soundly based. Appeal allowed and a purchase price of £680,000 determined. Found that evidence of C's valuer was unnecessary and unhelpful.
590 ## - LOCAL NOTE (RLIN)
Local note ABS
650 ## - SUBJECT ADDED ENTRY--TOPICAL TERM
Topical term or geographic name entry element CARL AND ANOTHER V GROSVENOR ESTATE BELGRAVIA
650 ## - SUBJECT ADDED ENTRY--TOPICAL TERM
Topical term or geographic name entry element RIGHT TO BUY
650 ## - SUBJECT ADDED ENTRY--TOPICAL TERM
Topical term or geographic name entry element LEASEHOLD REFORM ACT 1967
650 ## - SUBJECT ADDED ENTRY--TOPICAL TERM
Topical term or geographic name entry element FREEHOLD
650 ## - SUBJECT ADDED ENTRY--TOPICAL TERM
Topical term or geographic name entry element RENT REVIEW
650 ## - SUBJECT ADDED ENTRY--TOPICAL TERM
Topical term or geographic name entry element LEASEHOLD ENFRANCHISEMENT
690 ## - LOCAL SUBJECT ADDED ENTRY--TOPICAL TERM (OCLC, RLIN)
Topical term or geographic name as entry element LANDLORD AND TENANT-LEASEHOLD REFORM-CASE LAW
942 ## - ADDED ENTRY ELEMENTS (KOHA)
Suppress in OPAC 0
Holdings
Withdrawn status Lost status Source of classification or shelving scheme Damaged status Not for loan Home library Current library Shelving location Date acquired Total Checkouts Full call number Barcode Date last seen Copy number Price effective from Koha item type
    Dewey Decimal Classification     London London Journal article 06/10/2000   ABS62898 108652-1001 06/08/2019 1 06/08/2019 Law report